Weiter zum Inhalt

Древняя Русь, генезис государства Учебно-методическое пособие Направление подготовки 44.03.05 Педагогическое образование (с двумя профилями подготовки) Направленность «История и Обществознание» Ч. 1 Древняя Русь, генезис государства

Учебно-методическое пособие представляет собой комплект лекций, картографического, источниковедческого, историографического и методического материала. В пособии рассматриваются вопросы формирования Древнерусского государства, складывания социальной структуры, роли природно-климатического фактора и т...

Ausführliche Beschreibung

Gespeichert in:
Bibliographische Detailangaben
1. Verfasser: Шульга Е. П.
Weitere Verfasser: Гаврисенко Е. А.
Format: Книга
Sprache:Russian
Veröffentlicht: Сургут СурГПУ 2022
Online Zugang:https://e.lanbook.com/book/259019
https://e.lanbook.com/img/cover/book/259019.jpg
Tags: Tag hinzufügen
Keine Tags, Fügen Sie den ersten Tag hinzu!
LEADER 02433nam0a2200265 i 4500
001 259019
003 RuSpLAN
005 20221220174204.0
008 221220s2022 ru gs 000 0 rus
040 |a RuSpLAN 
041 0 |a rus 
044 |a ru 
080 |a 94(470+571) (075.8) 
084 |a 63.3(2)я72-9  |2 rubbk 
245 1 |a Древняя Русь, генезис государства  |b Учебно-методическое пособие Направление подготовки 44.03.05 Педагогическое образование (с двумя профилями подготовки) Направленность «История и Обществознание»  |c Шульга Е. П.,Гаврисенко Е. А.   |n Ч. 1  |p Древняя Русь, генезис государства 
260 |a Сургут  |b СурГПУ  |c 2022 
300 |a 95 с. 
504 |a Библиогр.: доступна в карточке книги, на сайте ЭБС Лань 
520 8 |a Учебно-методическое пособие представляет собой комплект лекций, картографического, источниковедческого, историографического и методического материала. В пособии рассматриваются вопросы формирования Древнерусского государства, складывания социальной структуры, роли природно-климатического фактора и т.п.; представлены проблемные вопросы, разнообразные подходы и взгляды исследователей. Использование студентами предлагаемого пособия позволит рационально организовать как самостоятельную, так и аудиторную работу и поэтому во многом поможет облегчить сам процесс обучения 
521 8 |a Книга из коллекции СурГПУ - Социально-гуманитарные науки 
100 1 |a Шульга Е. П. 
700 1 |a Гаврисенко Е. А. 
856 4 |u https://e.lanbook.com/book/259019 
856 4 8 |u https://e.lanbook.com/img/cover/book/259019.jpg 
953 |a https://e.lanbook.com/img/cover/book/259019.jpg